Entry Nombre personal
001 - NÚMERO DE CONTROL
- campo de control: 158865
003 - IDENTIFICADOR DE NÚMERO DE CONTROL
- campo de control: SpMaBN
005 - FECHA Y HORA DE LA ÚLTIMA TRANSACCIÓN
- campo de control: 20240417205640.0
008 - ELEMENTOS DE DATO DE LONGITUD-FIJA
- campo de control de longitud fija: 900725nn ainnnaabn n aaa
016 ## - NÚMERO DE CONTROL DE UNA AGENCIA BIBLIOGRÁFICA NACIONAL
- Número de control del registro: BNE19971299595
024 7# - IDENTIFICADOR DE OTROS ESTÁNDARES
- Número estándar o código: http://viaf.org/viaf/124198750/
- Fuente: viaf
024 7# - IDENTIFICADOR DE OTROS ESTÁNDARES
- Número estándar o código: https://isni.org/isni/0000000117813399
- Fuente: isni
024 7# - IDENTIFICADOR DE OTROS ESTÁNDARES
- Número estándar o código: http://www.wikidata.org/entity/Q3187798
- Fuente: wikidata
040 ## - FUENTE DE CATALOGACIÓN
- Centro catalogador/agencia de origen: SpMaBN
- Lengua de catalogación: spa
- Centro/agencia transcriptor: SpMaBN
- Normas de descripción: rdc
- Convención/Normas de encabezamiento de materia/tesauro: embne
046 ## - FECHAS CON CODIFICACIÓN ESPECIAL
- Fecha de nacimiento: 1894
- Fecha de la muerte: 1949
100 1# - ENCABEZAMIENTO-NOMBRE DE PERSONA
- Nombre de persona: Tellería, Juan,
- Fechas asociadas al nombre: 1894-1949
370 ## - LUGAR ASOCIADO
- Lugar de nacimiento: Cegama
- Número de control del registro de autoridad o número normalizado: XX4575590
- Fuente de información: Wikidata
372 ## - CAMPO DE ACTIVIDAD
- Campo de actividad: Zarzuela
- Fuente de información: Wikidata
374 ## - OCUPACIÓN
- Ocupación: Pianistas
- Ocupación: Compositores
- Fuente de información: Wikidata
375 ## - GÉNERO/SEXO
- Género: Masculino
- Fuente de información: Wikidata
377 ## - IDIOMA ASOCIADO
- Término de lengua/lenguaje: Español
500 1# - TRAZADO DE VÉASE ADEMÁS--NOMBRE DE PERSONA
- Nombre de persona: Ruiz de la Fuente, Juan,
- Fechas asociadas al nombre: 1894-1949
663 ## - REFERENCIA COMPLEJA DE VÉASE ADEMÁS--NOMBRE
- Texto explicativo: Para obras de este autor escritas con seudónimo, véase además:
- Encabezamiento referido a: Ruiz de la Fuente, Juan (1894-1949)
670 ## - FUENTE DE DATOS ENCONTRADOS
- Cita de la fuente: SGAE, 1995
- Información encontrada: (Tellería Arrizabalaga, Juan ; comp. y aut. lit)
670 ## - FUENTE DE DATOS ENCONTRADOS
- Cita de la fuente: Dicctionario de la Música Española e Hispanoamericana, SGAE, 1999-2002
- Información encontrada: (Juan Ruiz de la Fuente, seudónimo de Tellería para firmar otras obras, como la canción Azucena canta)
670 ## - FUENTE DE DATOS ENCONTRADOS
- Cita de la fuente: Suárez-Pajares, J. El compositor vasco Juan Tellería y su tiempo. Reflexiones después del centenario, 1996. En: Cuadernos de música iberoamericana
- Información encontrada: vol. 1, p. 27, nota 2 (José Luis Ansorena encontró en el Archivo Municipal la partida civil de nacimiento que señala 1894 como el año de nacimiento de Juan Tellería)
